| 000 | 01323cab a22002175a 4500 | ||
|---|---|---|---|
| 001 | L144954 | ||
| 008 | 080826e20080807xxkado f s 000 0 eng d | ||
| 035 | _a(Sirsi) u144954 | ||
| 041 | 0 | _aeng | |
| 245 | 0 | 0 |
_aMajor project report _bbuilding the UK Games |
| 260 | _c2008 | ||
| 490 |
_aNew Civil Engineer Supplement _v7 August 2008 |
||
| 505 | _aWe will finish this on time -- Clean up -- Olympic stadium -- Buying ability -- Skills planning -- Safe site -- The venues -- Water sports -- On the move -- Partnered up -- Media home -- Ins and outs -- Getting there -- Company cast list | ||
| 520 | _aGives an overall and detailed presentation of the Olympics construction projects designed to prepare and welcome the 2012 Olympic Games in London. Shows that the challenges of the building site are met with innovative solutions. Declares that the start of the building construction will allow more companies to have a contract. Reveals that the Olympic site in East London became National Skills Academy for Construction, giving more opportunities for training. Discusses the Olympic venues in London and in the rest of the UK. | ||
| 590 | _aKA | ||
| 650 | 2 | 4 | _aOLYMPIC GAMES 2012 |
| 651 | 4 |
_aUnited Kingdom _y |
|
| 690 | _aBUILDING AND CONSTRUCTION-PROJECTS | ||
| 690 |
_aConstruction management _96230 |
||
| 942 | _n0 | ||
| 999 |
_c80665 _d80665 |
||